| 000 | 00417nam a2200169Ia 4500 | ||
|---|---|---|---|
| 008 | 210210b1892 xxu||||| |||| 00| 0 eng d | ||
| 041 | _aeng | ||
| 082 | _a519/92 | ||
| 100 | _aRICHARDSON (A T) | ||
| 245 | _aGraduated mathematical exercises | ||
| 260 |
_aLondon _bMacmillan & Co. Ltd. _c1892 |
||
| 650 | _amathematical | ||
| 650 | _aGraduated | ||
| 650 | _aexercises | ||
| 690 | _aMathematics | ||
| 906 | _a007952 | ||
| 999 |
_c140810 _d140810 |
||